Państwa po miastach - Statystyki

Ogólne statystyki
  • Ten quiz został rozwiązany 44 razy
  • Średni wynik to 12 z 13
Statystyki odpowiedzi
Hint Odpowiedź % Poprawnych
Kraków Polska
100%
Nowy Jork Stany Zjednoczone
100%
Rio de Janeiro Brazylia
97%
Lwów Ukraina
97%
Sydney Australia
95%
Shanghaj Chiny
95%
Wenecja Włochy
95%
Toronto Kanada
90%
Stambuł Turcja
90%
Zurych Szwajcaria
87%
Malmo Szwecja
82%
Split Chorwacja
79%
Osaka Japonia
79%
Nie znaleziono quizów pasujących do podanych kryteriów
Rozkład punktacji
Procent ludzi z każdym wynikiem
Percentyl według liczby udzielonych odpowiedzi
Twoja historia wyników
Nie rozwiązałeś tego quizu